Plan estratégico Nacional de Seguridad y Salud de los trabajadores 2005 - 2010

Bibliographic Details
Main Author: Nicaragua. Ministerio del Trabajo
Format: Section = Libro
Language:Undetermined
Spanish
Published: Managua MITRAB 2005
Subjects:
LEADER 00656nam a2200217Ia 4500
008 240829s9999 xx 000 0 und d
020 |a 99924-890-1-4 
040 |a BIBLIOTECA-RUSB/ 363.1 N583 
041 |a spa 
082 |a 363.1 N583 
100 1 |a Nicaragua. Ministerio del Trabajo 
245 1 0 |a Plan estratégico Nacional de Seguridad y Salud de los trabajadores 2005 - 2010 
260 |a Managua  |b MITRAB  |c 2005 
300 |a 93 p. :il. 
650 7 |a MEDIDAS DE SEGURIDAD - TRABAJADORES - SALUD 
650 7 |b  SALUD OCUPACIONAL 
650 7 |c  ACCIDENTES LABORALES 
650 7 |d  ENFERMEDADES OCUPACIONALES 
942 |c BK  |2 ddc 
991 |a TEXTO 
999 |c 1067